00269nam a2200097Ia 4500008004100000041000800041100001500049245003700064260006200101300000800163240521s2007 xx 000 0 und d aeng aGUHAS S K. aCENTRAL WATER AND POWER RESEARCH bCENTRAL COUNCIL FOR RESEARCH IN AYURVEDA AND SIDDHAc2007 a811